Report of the Rent Acts Enquiry Committee (Record no. 396080)

000 -LEADER
fixed length control field 00397cam a22001337a 4500
008 - FIXED-LENGTH DATA ELEMENTS--GENERAL INFORMATION
fixed length control field 180718b1983 xxu||||| |||| 00| 0 eng d
082 ## - DEWEY DECIMAL CLASSIFICATION NUMBER
Classification number XA4501x5442 M278
100 ## - MAIN ENTRY--PERSONAL NAME
Personal name Maharashtra. Rent Acts Enquiry Committee
245 ## - TITLE STATEMENT
Title Report of the Rent Acts Enquiry Committee
260 ## - PUBLICATION, DISTRIBUTION, ETC.
Place of publication, distribution, etc. Bombay
Name of publisher, distributor, etc. The author
Date of publication, distribution, etc. 1983
300 ## - PHYSICAL DESCRIPTION
Extent 147+p.
500 ## - GENERAL NOTE
General note Chairman: V.K. Tembe
700 ## - ADDED ENTRY--PERSONAL NAME
Personal name Tembe, V.K. (Chairman)
Holdings
Withdrawn status Lost status Damaged status Not for loan Permanent Location Current Location Date acquired Full call number Barcode Date last seen Price effective from Koha item type
        Indian Institute of Public Administration Indian Institute of Public Administration 2009-02-26 XA4601x5442 M278 D1964 2018-07-21 2018-07-21 D
        Indian Institute of Public Administration Indian Institute of Public Administration 2001-02-08 XA4501x5442 M278 5573 2018-07-21 2018-07-21 Book

Powered by Koha